<?xml version="1.0" encoding="UTF-8"?>
<collection xmlns:xsi="http://www.w3.org/2001/XMLSchema-instance" xsi:schemaLocation="http://www.loc.gov/MARC21/slim http://www.loc.gov/standards/marcxml/schema/MARC21slim.xsd" xmlns="http://www.loc.gov/MARC21/slim">
 <record>
  <leader>00000cam a22000004a 4500</leader>
  <controlfield tag="001">UP-1685523046126355201</controlfield>
  <controlfield tag="003">Buklod</controlfield>
  <controlfield tag="005">20200923161725.0</controlfield>
  <controlfield tag="006">aa    r    |||| u|</controlfield>
  <controlfield tag="007">ta</controlfield>
  <controlfield tag="008">200923s2018    xx     d     r    |||| u|</controlfield>
  <datafield tag="020" ind1=" " ind2=" ">
   <subfield code="a">9781259834424 (paperback)</subfield>
  </datafield>
  <datafield tag="035" ind1=" " ind2=" ">
   <subfield code="a">(iLib)UPMNL-00016765603</subfield>
  </datafield>
  <datafield tag="037" ind1=" " ind2=" ">
   <subfield code="a">UnMe-01053 (10-05-2020); DONATION - Dr. Eusebio Kho (AMAZON at USD47.17)</subfield>
  </datafield>
  <datafield tag="040" ind1=" " ind2=" ">
   <subfield code="a">MED rda</subfield>
  </datafield>
  <datafield tag="041" ind1=" " ind2=" ">
   <subfield code="a">Eng</subfield>
  </datafield>
  <datafield tag="090" ind1=" " ind2=" ">
   <subfield code="a">RD 81</subfield>
   <subfield code="b">M67 2018</subfield>
  </datafield>
  <datafield tag="130" ind1="0" ind2=" ">
   <subfield code="a">Clinical anesthesiology.</subfield>
  </datafield>
  <datafield tag="245" ind1="1" ind2="0">
   <subfield code="a">Morgan &amp; Mikhail's clinical anesthesiology.</subfield>
  </datafield>
  <datafield tag="246" ind1="3" ind2=" ">
   <subfield code="a">Morgan and Mikhail's clinical anesthesiology.</subfield>
  </datafield>
  <datafield tag="246" ind1="3" ind2="0">
   <subfield code="a">Clinical anesthesiology.</subfield>
  </datafield>
  <datafield tag="250" ind1=" " ind2=" ">
   <subfield code="a">Sixth edition</subfield>
   <subfield code="b">John F. Butterworth, David C. Mackey, John D. Wasnick.</subfield>
  </datafield>
  <datafield tag="264" ind1=" " ind2="1">
   <subfield code="a">New York</subfield>
   <subfield code="b">McGraw-Hill Education</subfield>
   <subfield code="c">[2018]</subfield>
  </datafield>
  <datafield tag="300" ind1=" " ind2=" ">
   <subfield code="a">xiii, 1,393 pages</subfield>
   <subfield code="b">illustrations (chiefly color)</subfield>
   <subfield code="c">24 cm.</subfield>
  </datafield>
  <datafield tag="336" ind1=" " ind2=" ">
   <subfield code="a">text</subfield>
   <subfield code="b">txt</subfield>
   <subfield code="2">rdacontent.</subfield>
  </datafield>
  <datafield tag="337" ind1=" " ind2=" ">
   <subfield code="a">unmediated</subfield>
   <subfield code="2">rdamedia.</subfield>
  </datafield>
  <datafield tag="338" ind1=" " ind2=" ">
   <subfield code="a">volume</subfield>
   <subfield code="b">nc</subfield>
   <subfield code="2">rdacarrier.</subfield>
  </datafield>
  <datafield tag="500" ind1=" " ind2=" ">
   <subfield code="a">&quot;A Lange medical book.&quot;</subfield>
  </datafield>
  <datafield tag="504" ind1=" " ind2=" ">
   <subfield code="a">Includes bibliographical references and index.</subfield>
  </datafield>
  <datafield tag="505" ind1="0" ind2=" ">
   <subfield code="a">The practice of anesthesiology -- Anesthetic equipment &amp; monitors -- The operating room environment -- Breathing systems -- The anesthesia workstation -- Cardiovascular monitoring -- Noncardiovascular monitoring -- Clinical pharmacology -- Pharmacological principles -- Inhalation anesthetics -- Intravenous anesthetics -- Analgesic agents -- Neuromuscular blocking agents -- Cholinesterase inhibitors &amp; other pharmacologic antagonists to neuromuscular blocking agents -- Anticholinergic drugs -- Adrenergic agonists &amp; antagonists -- Hypotensive agents -- Local anesthetics -- Adjuncts to anesthesia -- Anesthetic Management -- Preoperative assessment, premedication, &amp; perioperative documentation -- Airway management -- Cardiovascular physiology &amp; anesthesia -- Anesthesia for patients with cardiovascular disease -- Anesthesia for cardiovascular surgery -- Respiratory physiology &amp; anesthesia -- Anesthesia for patients with respiratory disease -- Anesthesia for thoracic surgery -- Neurophysiology &amp; anesthesia -- Anesthesia for neurosurgery -- Anesthesia for patients with neurological &amp; psychiatric diseases -- Anesthesia for patients with neuromuscular disease -- Kidney physiology &amp; anesthesia -- Anesthesia for patients with kidney disease -- Anesthesia for genitourinary surgery -- Hepatic physiology &amp; anesthesia -- Anesthresia for patients with liver disease -- Anesthesia for patients with endocrine disease -- Anesthesia for ophthalmic surgery -- Anesthesia for otolaryngology- head &amp; neck surgery -- Anesthesia for orthopedic surgery -- Anesthesia for trauma &amp; emergency surgery -- Maternal &amp; fetal physiology &amp; anesthesia -- Obstretric anesthesia -- Pediatric anesthesia -- Geriatric anesthesia -- Ambulatory &amp; non-operating room anesthesia -- Regional anesthesia &amp; pain management -- Spinal, epidural, &amp; caudal blocks -- Peripheral nerve blocks -- Chronic pain management -- Enhanced recovery protocols &amp; optimization of perioperative outcomes -- Perioperative &amp; critical care medicine -- Management of patients with fluid &amp; electrolyte disturbances -- Acid-base management -- Fluid management &amp; blood component therapy -- Thermoregulation, hypothermia, &amp; malignant hyperthermia -- Nutrition in perioperative &amp; critical care -- Anesthetic complications -- Cardiopulminary resuscitation -- Postanesthesia care -- Common clinical concerns in critical care medicine -- Inhalation therapy &amp; mechanical ventilation in the PACU &amp; ICU -- Safety, quality, &amp; performance improvement.</subfield>
  </datafield>
  <datafield tag="650" ind1=" " ind2="0">
   <subfield code="a">Anesthesiology.</subfield>
  </datafield>
  <datafield tag="650" ind1=" " ind2="2">
   <subfield code="a">Anesthesia.</subfield>
  </datafield>
  <datafield tag="650" ind1=" " ind2="2">
   <subfield code="a">Anesthetics.</subfield>
  </datafield>
  <datafield tag="700" ind1="1" ind2=" ">
   <subfield code="a">Butterworth, John F.</subfield>
   <subfield code="c">IV</subfield>
   <subfield code="e">editor.</subfield>
  </datafield>
  <datafield tag="700" ind1="1" ind2=" ">
   <subfield code="a">Mackey, David C.</subfield>
   <subfield code="e">editor.</subfield>
  </datafield>
  <datafield tag="700" ind1="1" ind2=" ">
   <subfield code="a">Wasnick, John D.</subfield>
   <subfield code="e">editor.</subfield>
  </datafield>
  <datafield tag="700" ind1="1" ind2=" ">
   <subfield code="a">Morgan, G. Edward.</subfield>
   <subfield code="t">Clinical anesthesiology.</subfield>
  </datafield>
  <datafield tag="700" ind1="1" ind2=" ">
   <subfield code="a">Mikhail, Maged S.</subfield>
   <subfield code="t">Clinical anesthesiology.</subfield>
  </datafield>
  <datafield tag="856" ind1="4" ind2="0">
   <subfield code="3">Here's the link when connected to UPM network or VPN | Access Medicine</subfield>
   <subfield code="u">https://accessmedicine.mhmedical.com/Book.aspx?bookid=2444#189634644</subfield>
  </datafield>
  <datafield tag="905" ind1=" " ind2=" ">
   <subfield code="a">FO</subfield>
  </datafield>
  <datafield tag="852" ind1="0" ind2=" ">
   <subfield code="a">UPMNL</subfield>
   <subfield code="b">MED</subfield>
   <subfield code="h">RD 81 M67 2018</subfield>
  </datafield>
  <datafield tag="942" ind1=" " ind2=" ">
   <subfield code="a">Book</subfield>
  </datafield>
 </record>
</collection>
